00830nam a2200217 a 450000100100000000500170001000800410002704000250006808200140009310000330010724500410014026000420018130000350022349000300025849000720028883000380036083000760039804900090047495201120048399900170059500003228120250924073803.0110714s1974 dr ac 000 0 spa d aDO-SdBNPbspacBNPHU axxxbM6711 aMir, Pedro,d1913-20009724510aApertura a la estetica /cPedro Mir. aSanto Domingo :bEditora-UASD,c1974. a261 p. :bil., retr. ;c22 cm.1 aHistoria y Sociedadvv. 61 aPublicaciones de la Universidad Autónoma de Santo Domingovv. 160 0aHistoria y Sociedadnno. 6958321 aPublicaciones de la Universidad Autónoma de Santo Domingovv. 160952 aBNPD 0010718PDaPDbPDcHDd2011-07-14iLF1l0oxxx M671p32281-10r2020-06-25w2020-06-25yLFPDZNo se presta c31772d31772